000 00483nam a2200157 i 4500
001 39080
003 ES-MaACL
005 20230906155903.0
007 t|
008 030227s1972 sp ||||1| spa d
100 1 _aCampoy y Miró, Diego de.
_934298
245 1 0 _aMi paso por la noche /
_cDiego de Campoy y Miró.
260 _a[S.l. :
_bs.n.,
_c1972] (
_eJerez de la Frontera :
_fGráf. del Exportador)
300 _a78 p., 2 lám. ;
_c18 cm.
852 _aES-MaACL
_jC-44380
_bR.81920
999 _c39080
_d39080